000 01197nam a2200253Ia 4500
003 OSt
005 20210302093054.0
008 191128s2006 ck a gr 000 0 spa d
020 _a9583801364
040 _aCO-JMCR
_cCO-JMCR
041 0 _aspa
082 0 4 _a388 /
_bP116i
_223
100 1 _aPachón, Álvaro,
_eautor
_910152
245 1 3 _aLa infrastructura de transporte en Colombia durante el siglo XX /
_cÁlvaro Pachón, María Teresa Ramírez
250 _aPrimera edición
260 _aBogotá :
_bFondo de Cultura Económica,
_c2006.
300 _a548 páginas :
_bilustraciones a color ;
_c23 cm. +
_e1 CD-ROM
490 0 _aObras de economía
505 0 _aDesarrollo de la infrastructura de transporte en Colombia: 1900-1950 -- Desarrollo de la infrastructura de transporte en Colombia: 1950-2000
520 0 _aEl desarrollo de la infrastructura de transporte afecta directamente el crecimiento económico de un país mediante la conexión de los mercados y la disminución del costo de transporte. Al reducirse éste, la sociedad ahorra recursos.
650 2 4 _aInfraestructura
_ySiglo XX
_zColombia
_910153
650 2 4 _aTransporte
_ySiglo XX
_zColombia
_910154
942 _2ddc
_cBK
999 _c4289
_d4289